000 01126nam0a22002651 4500
001 rc\2673692
005 20230511115640.0
035 _a(NLR Aleph) 006802215
090 _a6255638
_c6255638
100 _a20110915d1932 |||y0rusy50 ca
101 0 _arus
102 _aRU
105 _aa z |||||
200 1 _aИзготовление резьбовых калибров
_fИ. В. Зарубин, мастер завода "Знамя труда" № 1
210 _aМосква
_aЛенинград
_cГос. науч.-техн. изд-во по машиностроению, металлообработке и черной металлургии
_d1932
_eЛенинград
_gтип. им. Бухарина
215 _aОбл., 171 с., включ. тит. л.
_cил.
_d20х14 см.
225 1 _aЗа рабочим станком. Для рабочих средней квалификации
300 _aОбл.: Л. Хижинский
700 1 _aЗарубин
_bИ. В.
801 0 _aRU
_bNLR
_gpsbo
801 1 _aRU
_bELAR
_2rusmarc
852 _aNLR
_j32-1/1038
942 _cBOOK
980 _aNB